KAUCHUK I REZINA (Record no. 3205)

MARC details
000 -LEADER
fixed length control field 00380nam a2200145Ia 4500
022 ## - INTERNATIONAL STANDARD SERIAL NUMBER
ISSN 0022-9466
245 #0 - TITLE STATEMENT
Title KAUCHUK I REZINA
260 ## - PUBLICATION, DISTRIBUTION, ETC. (IMPRINT)
Name of publisher Izdatel'stvo Nauka, Moscow
Place of publication USSR
310 ## - CURRENT PUBLICATION FREQUENCY
Current publication frequency M
500 ## - GENERAL NOTE
General note Ending Volume & Year: 1994,
500 ## - GENERAL NOTE
General note Missing Volume: 1993
500 ## - GENERAL NOTE
General note Starting Volume & Year: 1962,
942 ## - ADDED ENTRY ELEMENTS (KOHA)
Koha item type Bound Journal
Holdings
Withdrawn status Lost status Damaged status Not for loan Home library Current library Date acquired Accession Number Koha item type
      Bound journals RRII Library RRII Library 31/12/2021 03177J Bound Journal